Un camino al ejercicio profesional sin fronteras, desde los puntos de partida de la formació y los códigos deontológicos (Registro nro. 9501)

Detalles MARC
000 -LEADER
fixed length control field 00488 a2200133 4500
001 - CONTROL NUMBER
control field ART_9396
005 - DATE AND TIME OF LATEST TRANSACTION
control field 20260410161559.0
008 - FIXED-LENGTH DATA ELEMENTS--GENERAL INFORMATION
fixed length control field 260409a
100 1# - MAIN ENTRY--PERSONAL NAME
Personal name Neira, Graciela M.
245 10 - TITLE STATEMENT
Title Un camino al ejercicio profesional sin fronteras, desde los puntos de partida de la formació y los códigos deontológicos
700 1# - ADDED ENTRY--PERSONAL NAME
Personal name Freire, Liliana B.
700 1# - ADDED ENTRY--PERSONAL NAME
Personal name Canetti, Miguel Marcelo
773 0# - HOST ITEM ENTRY
Title Profesional & Empresaria
Related parts - Año XIII, Nº 154 (jul. 2012)
Record control number REV70

No hay ítems disponibles.